| 000 | 00913nam0a22002651 4500 | ||
|---|---|---|---|
| 001 | rc\3392147 | ||
| 005 | 20130115154406.8 | ||
| 021 |
_aRU _b[74-48101] |
||
| 035 | _a(NLR Aleph) 007539047 | ||
| 090 |
_a9747000 _c9747000 |
||
| 100 | _a20130115d1974 |||y0rusy50 ca | ||
| 101 | 0 | _arus | |
| 102 | _aRU | ||
| 105 | _ay z ||||| | ||
| 200 | 1 | _aТорговля товарами повседневного спроса | |
| 210 |
_aМосква _cЭкономика _d1974 |
||
| 215 |
_a96 с. _d20 |
||
| 606 |
_aМагазины потребительской кооперации _xОрганизация и техника работы _2psbo |
||
| 700 | 1 |
_aАнуфриев _bН. В. _gНиколай Васильевич |
|
| 701 | 1 |
_aРемизович _bГ. П. _gГалина Петровна |
|
| 801 | 0 |
_aRU _bNLR _gpsbo |
|
| 801 | 1 |
_aRU _bELAR _2rusmarc |
|
| 852 |
_aNLR _j74-4/10661 |
||
| 942 | _cBOOK | ||
| 980 | _aNB | ||